[Event "Kupreichik Memorial Open 2018"]
[Site "Minsk"]
[Date "2018.06.22"]
[Round "5"]
[White "Kuznetsov, Mikhail V"]
[Black "Rybakova, Polina"]
[Result "1-0"]
[WhiteElo "2162"]
[BlackElo "1826"]
[Annotator "NA"]
[PlyCount "63"]
[EventDate "2018.06.21"]
[EventCountry "BLR"]
[SourceTitle "playchess.com"]
[Source "ChessBase"]
[SourceQuality "1"]
[TimeControl "900+10"]

1. d4 {[%emt 0:00:00]} Nf6 {[%emt 0:00:06]} 2. Nf3 {[%emt 0:00:00]} g6 {[%emt 0:00:02]} 3. g3 {[%emt 0:00:00]} Bg7 {[%emt 0:00:01]} 4. Bg2 {[%emt 0:00:00]} O-O {[%emt 0:00:09]} 5. O-O {[%emt 0:00:00]} d6 {[%emt 0:00:09]} 6. Nc3 {[%emt 0:00:07]} c6 {[%emt 0:00:37]} 7. a4 {[%emt 0:00:30]} Nbd7 {[%emt 0:00:18]} 8. e4 {[%emt 0:00:04]} e5 {[%emt 0:00:18]} 9. h3 {[%emt 0:00:04]} Re8 {[%emt 0:01:52]} 10. a5 {[%emt 0:00:13]} Nh5 {[%emt 0:00:24]} 11. Re1 {[%emt 0:00:19]} Nf8 {[%emt 0:01:31]} 12. Bg5 {[%emt 0:00:49]} Qc7 {[%emt 0:00:54]} 13. d5 {[%emt 0:00:43]} h6 {[%emt 0:00:56]} 14. Be3 {[%emt 0:00:14]} Nf6 {[%emt 0:01:44]} 15. Qd2 {[%emt 0:00:26]} Kh7 {[%emt 0:00:46]} 16. Nh4 {[%emt 0:01:45]} cxd5 {[%emt 0:02:13]} 17. exd5 {[%emt 0:00:29]} Qd7 {[%emt 0:01:27]} 18. Qd3 {[%emt 0:01:55]} Nh5 {[%emt 0:01:35]} 19. g4 {[%emt 0:04:20]} Nf4 {[%emt 0:00:25]} 20. Bxf4 {[%emt 0:00:04]} exf4 {[%emt 0:00:01]} 21. Nb5 {[%emt 0:00:57]} Bxb2 {[%emt 0:00:54]} 22. Rxe8 {[%emt 0:00:49]} Qxe8 {[%emt 0:01:00]} 23. Rb1 {[%emt 0:01:06]} Be5 {[%emt 0:00:53]} 24. Nf3 {[%emt 0:01:02]} Qd8 {[%emt 0:00:21]} 25. Nxe5 {[%emt 0:00:33]} dxe5 {[%emt 0:00:01]} 26. d6 {[%emt 0:00:08]} Ne6 27. a6 {[%emt 0:00:16]} Rb8 {[%emt 0:00:37]} 28. Nxa7 {[%emt 0:00:13]} Nc5 {[%emt 0:00:11]} 29. Qd5 {[%emt 0:00:11]} Nxa6 {[%emt 0:00:20]} 30. Qxf7+ {[%emt 0:00:17]} Kh8 {[%emt 0:00:01]} 31. Nxc8 {[%emt 0:00:18]} Rxc8 {[%emt 0:00:10]} 32. Rxb7 {[%emt 0:00:06]} 1-0

[Event "Kupreichik Memorial Open 2018"]
[Site "Minsk"]
[Date "2018.06.22"]
[Round "5"]
[White "Katashuk, Uladzislau"]
[Black "Sadovnikov, Konstantin"]
[Result "0-1"]
[WhiteElo "2149"]
[BlackElo "1908"]
[Annotator "NA"]
[PlyCount "92"]
[EventDate "2018.06.21"]
[EventCountry "BLR"]
[SourceTitle "playchess.com"]
[Source "ChessBase"]
[SourceQuality "1"]
[TimeControl "900+10"]

1. e4 {[%emt 0:00:00]} c5 {[%emt 0:00:01]} 2. Nc3 {[%emt 0:00:00]} Nc6 {[%emt 0:00:00]} 3. Bb5 {[%emt 0:00:02]} Nd4 {[%emt 0:00:07]} 4. Bc4 {[%emt 0:00:05]} e6 {[%emt 0:00:01]} 5. Nge2 {[%emt 0:00:03]} Ne7 {[%emt 0:00:02]} 6. Nxd4 {[%emt 0:00:03]} cxd4 {[%emt 0:00:01]} 7. Ne2 {[%emt 0:00:01]} Nc6 {[%emt 0:00:01]} 8. O-O {[%emt 0:00:12]} g6 {[%emt 0:00:01]} 9. d3 {[%emt 0:00:04]} Bg7 {[%emt 0:00:01]} 10. f4 {[%emt 0:00:01]} O-O {[%emt 0:00:07]} 11. Ng3 {[%emt 0:00:18]} a5 {[%emt 0:00:27]} 12. a3 {[%emt 0:00:20]} Ne7 {[%emt 0:00:25]} 13. e5 {[%emt 0:00:54]} d5 {[%emt 0:00:16]} 14. exd6 {[%emt 0:00:12]} Qxd6 {[%emt 0:00:01]} 15. Ne4 {[%emt 0:00:05]} Qd8 {[%emt 0:00:17]} 16. Bd2 {[%emt 0:01:34]} Nf5 17. Qe2 {[%emt 0:01:32]} Nd6 {[%emt 0:02:47]} 18. Nxd6 {[%emt 0:00:10]} Qxd6 {[%emt 0:00:01]} 19. b4 {[%emt 0:00:01]} b6 {[%emt 0:00:10]} 20. Qe1 {[%emt 0:00:10]} Qc7 {[%emt 0:00:10]} 21. Rb1 {[%emt 0:00:10]} Bd7 {[%emt 0:03:16]} 22. b5 {[%emt 0:04:19]} Rac8 {[%emt 0:01:02]} 23. Qh4 {[%emt 0:00:13]} Qc5 {[%emt 0:00:24]} 24. a4 {[%emt 0:01:34]} Rcd8 {[%emt 0:01:07]} 25. Ra1 {[%emt 0:00:16]} Bc8 {[%emt 0:00:17]} 26. Bc1 {[%emt 0:00:03]} Qc7 {[%emt 0:00:35]} 27. Ba3 {[%emt 0:00:18]} Rfe8 {[%emt 0:00:01]} 28. Rf3 {[%emt 0:00:41]} Bb7 {[%emt 0:00:12]} 29. Rh3 {[%emt 0:00:06]} h6 {[%emt 0:00:11]} 30. Re1 {[%emt 0:02:45]} Bd5 {[%emt 0:00:20]} 31. f5 {[%emt 0:00:51]} g5 {[%emt 0:05:24]} 32. Qf2 exf5 33. Rf1 {[%emt 0:03:06]} Bxc4 {[%emt 0:00:47]} 34. dxc4 {[%emt 0:00:01]} f4 {[%emt 0:00:12]} 35. Rd3 {[%emt 0:00:07]} Qxc4 {[%emt 0:00:09]} 36. g3 {[%emt 0:00:04]} fxg3 {[%emt 0:00:17]} 37. hxg3 {[%emt 0:00:04]} Qe6 {[%emt 0:00:17]} 38. Bb2 {[%emt 0:00:10]} Rd7 {[%emt 0:01:03]} 39. Rfd1 {[%emt 0:00:02]} Qe2 {[%emt 0:00:30]} 40. Bxd4 {[%emt 0:00:05]} Bxd4 {[%emt 0:00:15]} 41. Rxd4 {[%emt 0:00:01]} Rde7 {[%emt 0:00:12]} 42. Rd6 {[%emt 0:00:16]} Qxf2+ {[%emt 0:00:04]} 43. Kxf2 {[%emt 0:00:01]} Re2+ {[%emt 0:00:01]} 44. Kf3 {[%emt 0:00:10]} f5 {[%emt 0:00:06]} 45. R1d3 {[%emt 0:00:00]} g4+ {[%emt 0:00:04]} 46. Kf4 {[%emt 0:00:02]} Rf2+ {[%emt 0:00:01]} 0-1

[Event "Kupreichik Memorial Open 2018"]
[Site "Minsk"]
[Date "2018.06.22"]
[Round "5"]
[White "Sirotkina, Nina"]
[Black "Arzumanian, Georgy"]
[Result "1-0"]
[WhiteElo "2116"]
[BlackElo "2474"]
[Annotator "TA"]
[PlyCount "127"]
[EventDate "2018.06.21"]
[EventCountry "BLR"]
[SourceTitle "playchess.com"]
[Source "ChessBase"]
[SourceQuality "1"]

{[%evp 19,127,3,32,-14,8,0,6,0,11,0,23,6,12,13,33,6,6,6,6,8,20,20,27,17,21,18,20,29,59,56,59,59,77,75,51,58,202,183,179,76,71,96,54,0,183,148,198,191,1214,52,52,51,45,47,61,63,60,59,142,42,79,56,85,79,166,161,188,190,275,267,738,738,1008,979,802,791,1476,1339,1195,1155,12837,12838,12841,12839,12841,12836,12845,12846,12846,12846,12850,12847,12847,12847,12850,12845,12845,12846,12846,12847,12847,12847,12846,12847,12849,12847,12850,12846,12847,12847]} 1. d4 d6 2. e4 Nf6 3. Nc3 e5 4. dxe5 dxe5 5. Qxd8+ Kxd8 6. Bc4 Be6 7. Bxe6 fxe6 8. Nf3 Bd6 9. Bg5 Nc6 10. O-O-O Ke7 {LiveBook: 14 Games} 11. Nb5 {B07: Pirc Defence: Miscellaneous Systems} (11. Rhe1 a6 12. Rd3 Rhd8 13. h3 Bc5 14. Be3 Bxe3+ 15. Rexe3 Rxd3 16. Rxd3 h6 17. a3 Nh5 18. Ne2 Rd8 19. Rxd8 Kxd8 {½-½ (32) Biti,O (2353)-Mrdja,M (2393) Sibenik 2015}) 11... a6 12. Nxd6 cxd6 13. c3 $146 {The position is equal.} ({Predecessor:} 13. Rd2 h6 14. Bxf6+ gxf6 15. Rhd1 Rad8 16. c3 Rhg8 17. Ne1 b5 18. f3 Rd7 {0-1 (33) Santos,L (1899)-Sergio,C (2076) Goiania 2013}) 13... Rac8 14. Kb1 Na5 15. Nd2 b5 16. f3 h6 17. Bh4 Nb7 18. Nf1 a5 19. Ne3 a4 20. Nc2 Na5 21. Rd3 Nc4 22. b3 Na5 23. Kb2 g5 24. Bf2 Nc6 25. h4 g4 26. h5 gxf3 27. gxf3 Na5 ({Better is} 27... Rhg8 $14) 28. Bh4 $18 Nb7 29. Ne3 (29. Na3 $18 {has better winning chances.}) 29... Kf7 $16 30. Bxf6 Kxf6 31. Ng4+ (31. b4 $14) 31... Kg5 $2 (31... Ke7 $11) 32. Rg1 $18 Rhg8 33. Nxe5+ $1 Kxh5 $2 {[#]} (33... Kf6 34. Rxg8 Rxg8) 34. Rh1+ $2 (34. f4 $1 $18 {[%cal Rd3h3][%mdl 512]} a3+ 35. Kxa3 Ra8+ 36. Kb2 Rg4 37. Rxg4 dxe5 38. Rg7 Rxa2+ 39. Kxa2 Kh4 40. Rd1 exf4 41. Rh1#) 34... Kg5 $14 35. Nf7+ Kf6 $1 36. Nxd6 Rg2+ 37. Ka3 $1 Nxd6 38. Rxd6 {[%mdl 4096] Endgame KRR-KRR} Ke5 ({Black should play} 38... Rh8 $14) 39. Rd3 ({Only move:} 39. Rb6 $16) 39... axb3 40. axb3 Rh8 41. Kb4 h5 {[#]} (41... Kf4 $16) 42. Rh4 $1 $18 ({Don't do} 42. Kxb5 $6 h4 $14) 42... Kf6 {[#]} 43. f4 $1 {[%cal Bf3f4,Bf4e5][%mdl 32]} ({But not} 43. Kxb5 $6 Kg5 $16) 43... Rg4 (43... Re2 $142) 44. Rdh3 {Threatens to win with Rxg4.} Rxh4 $2 (44... Rb8 45. Rxh5 Rxf4 46. Rxb5 Rxe4+ 47. c4 Rc8 48. Rf3+ Kg6) 45. Rxh4 {KR-KR. White is clearly winning.} e5 46. fxe5+ Kg5 47. Rh1 Re8 48. Kxb5 Rxe5+ 49. Kc6 Rxe4 50. c4 h4 51. Kd5 Re8 52. b4 {[%cal Bb3b4,Bb4b5,Bb5b6,Bb6b7][%mdl 32]} Rb8 53. b5 Kg4 54. Kd6 Kg3 55. Kc7 Rh8 56. b6 Kg2 57. Rb1 Rh7+ 58. Kc6 Rh6+ 59. Kb5 h3 60. b7 Rh8 61. c5 {[%cal Bc4c5,Bc5c6,Bc6c7][%mdl 32]} Rf8 62. c6 h2 63. c7 Rf5+ 64. Ka6 {Precision: White = 61%, Black = 26%.} 1-0

[Event "Kupreichik Memorial Open 2018"]
[Site "Minsk"]
[Date "2018.06.22"]
[Round "5"]
[White "Fedotov, Konstantin"]
[Black "Barskij, Vladimir"]
[Result "1/2-1/2"]
[WhiteElo "2090"]
[BlackElo "2352"]
[Annotator "NA"]
[PlyCount "72"]
[EventDate "2018.06.21"]
[EventCountry "BLR"]
[SourceTitle "playchess.com"]
[Source "ChessBase"]
[SourceQuality "1"]
[TimeControl "900+10"]

1. e4 {[%emt 0:00:00]} c5 {[%emt 0:00:02]} 2. Nc3 {[%emt 0:00:00]} Nc6 {[%emt 0:00:02]} 3. Bb5 {[%emt 0:00:00]} Nd4 {[%emt 0:00:02]} 4. Bc4 {[%emt 0:00:00]} e6 {[%emt 0:00:03]} 5. Nf3 {[%emt 0:00:00]} a6 {[%emt 0:00:04]} 6. Nxd4 {[%emt 0:00:05]} cxd4 {[%emt 0:00:04]} 7. Ne2 {[%emt 0:00:01]} b5 {[%emt 0:00:41]} 8. Bb3 {[%emt 0:00:02]} Bb7 {[%emt 0:00:18]} 9. d3 {[%emt 0:00:01]} Bc5 {[%emt 0:00:39]} 10. O-O {[%emt 0:00:06]} Ne7 {[%emt 0:01:26]} 11. Ng3 {[%emt 0:00:24]} O-O {[%emt 0:00:19]} 12. f4 {[%emt 0:00:03]} f5 {[%emt 0:00:59]} 13. Qh5 {[%emt 0:00:02]} Qe8 {[%emt 0:00:31]} 14. Qg5 {[%emt 0:02:21]} Qg6 {[%emt 0:01:23]} 15. Qxg6 {[%emt 0:00:23]} hxg6 {[%emt 0:00:08]} 16. Bd2 {[%emt 0:00:03]} a5 {[%emt 0:01:25]} 17. a4 {[%emt 0:00:06]} b4 {[%emt 0:00:05]} 18. Rfe1 {[%emt 0:00:36]} Kh7 {[%emt 0:00:46]} 19. Nh1 {[%emt 0:01:35]} fxe4 {[%emt 0:00:29]} 20. dxe4 {[%emt 0:00:02]} d3+ {[%emt 0:00:01]} 21. Nf2 {[%emt 0:00:15]} dxc2 {[%emt 0:00:16]} 22. Bxc2 {[%emt 0:00:01]} Bd4 {[%emt 0:01:00]} 23. Rab1 {[%emt 0:00:09]} Rac8 {[%emt 0:00:02]} 24. Bd3 {[%emt 0:00:01]} g5 {[%emt 0:01:01]} 25. f5 {[%emt 0:00:24]} Nc6 {[%emt 0:00:34]} 26. Be3 {[%emt 0:00:58]} Bxe3 {[%emt 0:00:12]} 27. Rxe3 {[%emt 0:00:01]} Ne5 {[%emt 0:00:06]} 28. Bb5 {[%emt 0:01:47]} g6 {[%emt 0:02:22]} 29. Rd1 {[%emt 0:01:14]} Bc6 {[%emt 0:00:10]} 30. Bxc6 {[%emt 0:03:58]} Rxc6 {[%emt 0:00:05]} 31. fxe6 {[%emt 0:00:05]} dxe6 {[%emt 0:00:17]} 32. Nd3 {[%emt 0:00:21]} Rd8 {[%emt 0:00:31]} 33. Kf1 {[%emt 0:01:42]} Kg7 {[%emt 0:01:01]} 34. Ke1 {[%emt 0:01:19]} Rcd6 {[%emt 0:01:21]} 35. Nf2 {[%emt 0:00:12]} Nc4 {[%emt 0:00:20]} 36. Re2 {[%emt 0:00:15]} Rxd1+ {[%emt 0:00:55]} 1/2-1/2

[Event "Kupreichik Memorial Open 2018"]
[Site "Minsk"]
[Date "2018.06.22"]
[Round "5"]
[White "Kaliadzich, Maryia"]
[Black "Tsigelnitskiy, Ilusha"]
[Result "0-1"]
[WhiteElo "2058"]
[BlackElo "2253"]
[Annotator "NA"]
[PlyCount "42"]
[EventDate "2018.06.21"]
[EventCountry "BLR"]
[SourceTitle "playchess.com"]
[Source "ChessBase"]
[SourceQuality "1"]
[TimeControl "900+10"]

1. d4 {[%emt 0:00:00]} Nf6 {[%emt 0:01:39]} 2. c4 {[%emt 0:00:00]} c5 {[%emt 0:00:01]} 3. d5 {[%emt 0:00:02]} b5 {[%emt 0:00:02]} 4. cxb5 {[%emt 0:00:08]} a6 {[%emt 0:00:01]} 5. b6 {[%emt 0:00:10]} d6 {[%emt 0:00:04]} 6. Nc3 {[%emt 0:00:04]} Nbd7 {[%emt 0:00:03]} 7. e4 {[%emt 0:00:11]} g6 {[%emt 0:00:06]} 8. g3 {[%emt 0:00:23]} Bg7 {[%emt 0:02:32]} 9. Bg2 {[%emt 0:00:03]} a5 {[%emt 0:00:23]} 10. Nge2 {[%emt 0:00:20]} Ba6 {[%emt 0:00:10]} 11. O-O {[%emt 0:00:42]} O-O {[%emt 0:00:04]} 12. Re1 {[%emt 0:02:17]} Ne5 {[%emt 0:01:01]} 13. Nf4 {[%emt 0:02:33]} Nfd7 {[%emt 0:00:04]} 14. b7 {[%emt 0:01:26]} Rb8 {[%emt 0:00:26]} 15. Bf1 {[%emt 0:00:02]} Bxf1 {[%emt 0:00:10]} 16. Rxf1 {[%emt 0:00:02]} Rxb7 {[%emt 0:00:21]} 17. Nd3 {[%emt 0:00:23]} Qb6 {[%emt 0:00:33]} 18. Kh1 {[%emt 0:00:30]} Qa6 {[%emt 0:00:08]} 19. Nf4 {[%emt 0:00:28]} Nc4 {[%emt 0:01:27]} 20. Qe2 {[%emt 0:00:20]} Ra8 {[%emt 0:00:02]} 21. Rb1 {[%emt 0:00:52]} Bxc3 {[%emt 0:00:14]} 0-1

[Event "Kupreichik Memorial Open 2018"]
[Site "Minsk"]
[Date "2018.06.22"]
[Round "5"]
[White "Runets, Ivan"]
[Black "Girshgorn, Maria"]
[Result "1-0"]
[WhiteElo "2027"]
[BlackElo "1805"]
[Annotator "NA"]
[PlyCount "147"]
[EventDate "2018.06.21"]
[EventCountry "BLR"]
[SourceTitle "playchess.com"]
[Source "ChessBase"]
[SourceQuality "1"]
[TimeControl "900+10"]

1. d4 {[%emt 0:00:00]} Nf6 {[%emt 0:00:01]} 2. Nf3 {[%emt 0:00:00]} g6 {[%emt 0:00:02]} 3. Bf4 {[%emt 0:00:00]} Bg7 {[%emt 0:00:01]} 4. e3 {[%emt 0:00:00]} O-O {[%emt 0:00:04]} 5. Be2 {[%emt 0:00:00]} d6 {[%emt 0:00:01]} 6. h3 {[%emt 0:00:00]} Nc6 {[%emt 0:00:26]} 7. O-O {[%emt 0:00:04]} Nd7 {[%emt 0:00:12]} 8. c3 {[%emt 0:00:05]} e5 {[%emt 0:00:08]} 9. Bh2 {[%emt 0:00:02]} e4 {[%emt 0:01:50]} 10. Nfd2 {[%emt 0:00:08]} Qe7 {[%emt 0:00:04]} 11. c4 {[%emt 0:00:13]} f5 {[%emt 0:00:42]} 12. Nc3 {[%emt 0:00:05]} Nf6 {[%emt 0:00:27]} 13. Qb3 {[%emt 0:00:47]} Kh8 {[%emt 0:00:33]} 14. Rae1 {[%emt 0:01:04]} g5 {[%emt 0:00:33]} 15. f3 {[%emt 0:02:15]} Rb8 {[%emt 0:01:56]} 16. fxe4 {[%emt 0:00:46]} fxe4 {[%emt 0:00:09]} 17. Qc2 {[%emt 0:00:16]} g4 {[%emt 0:01:18]} 18. hxg4 {[%emt 0:01:48]} Bxg4 {[%emt 0:00:10]} 19. Bxg4 {[%emt 0:00:22]} Nxg4 {[%emt 0:00:03]} 20. Bg3 {[%emt 0:01:13]} Nxd4 21. Qd1 {[%emt 0:03:21]} Qe6 {[%emt 0:06:17]} 22. Ncxe4 {[%emt 0:01:18]} Rxf1+ {[%emt 0:00:08]} 23. Kxf1 {[%emt 0:01:28]} Nf5 {[%emt 0:00:31]} 24. Bf4 {[%emt 0:00:13]} Bh6 {[%emt 0:01:38]} 25. Bxh6 {[%emt 0:01:27]} Nfxh6 {[%emt 0:00:14]} 26. b3 {[%emt 0:00:50]} Rf8+ {[%emt 0:01:03]} 27. Kg1 {[%emt 0:00:01]} Qe5 {[%emt 0:00:03]} 28. g3 {[%emt 0:01:05]} Qh5 {[%emt 0:00:02]} 29. Qe2 {[%emt 0:00:20]} Qe5 {[%emt 0:00:22]} 30. Rf1 {[%emt 0:00:30]} Rxf1+ {[%emt 0:00:24]} 31. Kxf1 {[%emt 0:00:02]} Qf5+ {[%emt 0:00:18]} 32. Kg2 {[%emt 0:00:05]} Nf7 {[%emt 0:00:02]} 33. Qf3 {[%emt 0:00:12]} Qxf3+ {[%emt 0:00:12]} 34. Kxf3 {[%emt 0:00:02]} Nfe5+ {[%emt 0:00:04]} 35. Ke2 {[%emt 0:00:25]} Kg7 {[%emt 0:00:04]} 36. Nc3 {[%emt 0:00:03]} Nf6 {[%emt 0:00:06]} 37. Nb5 {[%emt 0:00:08]} Ne8 {[%emt 0:00:07]} 38. Nxa7 {[%emt 0:00:27]} c6 {[%emt 0:00:02]} 39. Nc8 {[%emt 0:00:01]} Nd7 {[%emt 0:00:02]} 40. Ne4 {[%emt 0:00:01]} d5 {[%emt 0:00:04]} 41. cxd5 {[%emt 0:00:03]} cxd5 {[%emt 0:00:00]} 42. Ned6 {[%emt 0:00:01]} Nxd6 {[%emt 0:00:11]} 43. Nxd6 {[%emt 0:00:02]} b6 {[%emt 0:00:02]} 44. a4 {[%emt 0:00:09]} Nc5 {[%emt 0:00:05]} 45. Nc8 {[%emt 0:00:07]} Nxb3 {[%emt 0:00:03]} 46. Nxb6 {[%emt 0:00:01]} d4 {[%emt 0:00:01]} 47. exd4 {[%emt 0:00:20]} Nxd4+ {[%emt 0:00:02]} 48. Ke3 {[%emt 0:00:01]} Nc6 {[%emt 0:00:15]} 49. Nc4 {[%emt 0:00:03]} Kf6 {[%emt 0:00:02]} 50. Kf4 {[%emt 0:00:11]} Ke6 {[%emt 0:00:25]} 51. Ke4 {[%emt 0:00:08]} Kf6 {[%emt 0:00:04]} 52. Kd5 {[%emt 0:00:09]} Na7 {[%emt 0:00:08]} 53. Ne3 {[%emt 0:00:21]} h5 {[%emt 0:00:09]} 54. a5 {[%emt 0:00:14]} Ke7 {[%emt 0:01:05]} 55. a6 {[%emt 0:00:42]} Kd7 {[%emt 0:00:04]} 56. Kc5 {[%emt 0:00:08]} Kc7 {[%emt 0:00:02]} 57. Nd5+ {[%emt 0:00:01]} Kb8 {[%emt 0:00:02]} 58. Nf6 {[%emt 0:00:05]} Nc8 {[%emt 0:00:06]} 59. Nxh5 {[%emt 0:00:04]} Ka7 {[%emt 0:00:01]} 60. Kd5 {[%emt 0:00:16]} Ne7+ {[%emt 0:00:13]} 61. Ke6 {[%emt 0:00:02]} Ng6 {[%emt 0:00:01]} 62. Kf6 {[%emt 0:00:05]} Nf8 {[%emt 0:00:06]} 63. Nf4 {[%emt 0:00:11]} Kxa6 {[%emt 0:00:03]} 64. Ne6 {[%emt 0:00:31]} Nd7+ {[%emt 0:00:13]} 65. Kf5 {[%emt 0:00:01]} Kb6 {[%emt 0:00:18]} 66. g4 {[%emt 0:00:01]} Kc6 {[%emt 0:00:00]} 67. g5 {[%emt 0:00:40]} Kd6 {[%emt 0:00:01]} 68. g6 {[%emt 0:00:09]} Ke7 {[%emt 0:00:01]} 69. Ng5 {[%emt 0:00:12]} Nf6 {[%emt 0:00:20]} 70. g7 {[%emt 0:00:11]} Ng8 {[%emt 0:00:10]} 71. Kg6 {[%emt 0:00:03]} Nf6 {[%emt 0:00:03]} 72. Ne4 {[%emt 0:00:18]} Ng8 {[%emt 0:00:06]} 73. Kh7 {[%emt 0:00:02]} Kf7 {[%emt 0:00:28]} 74. Ng5+ {[%emt 0:00:01]} 1-0

[Event "Kupreichik Memorial Open 2018"]
[Site "Minsk"]
[Date "2018.06.22"]
[Round "5"]
[White "Romanovskij, Nikita"]
[Black "Kolosovskaya, Olga"]
[Result "1-0"]
[WhiteElo "1990"]
[BlackElo "1747"]
[Annotator "NA"]
[PlyCount "43"]
[EventDate "2018.06.21"]
[EventCountry "BLR"]
[SourceTitle "playchess.com"]
[Source "ChessBase"]
[SourceQuality "1"]
[TimeControl "900+10"]

1. d4 {[%emt 0:00:00]} d5 {[%emt 0:00:01]} 2. c4 {[%emt 0:00:00]} c6 {[%emt 0:00:01]} 3. Nf3 {[%emt 0:00:06]} Nf6 {[%emt 0:00:01]} 4. e3 {[%emt 0:00:07]} Bf5 {[%emt 0:00:19]} 5. Nc3 {[%emt 0:00:16]} e6 {[%emt 0:00:05]} 6. Qb3 {[%emt 0:00:45]} Qb6 {[%emt 0:00:03]} 7. c5 {[%emt 0:00:08]} Qxb3 {[%emt 0:00:19]} 8. axb3 {[%emt 0:00:01]} Be7 {[%emt 0:03:47]} 9. b4 {[%emt 0:00:54]} O-O {[%emt 0:00:03]} 10. b5 {[%emt 0:01:27]} Nbd7 {[%emt 0:00:07]} 11. Be2 {[%emt 0:02:43]} Be4 {[%emt 0:05:25]} 12. O-O {[%emt 0:01:52]} Bxf3 {[%emt 0:00:05]} 13. Bxf3 {[%emt 0:00:07]} e5 {[%emt 0:00:09]} 14. b4 {[%emt 0:01:47]} Rfd8 {[%emt 0:01:27]} 15. bxc6 {[%emt 0:01:08]} bxc6 {[%emt 0:00:01]} 16. b5 {[%emt 0:00:01]} e4 {[%emt 0:02:21]} 17. Be2 {[%emt 0:00:11]} Rdc8 {[%emt 0:01:35]} 18. bxc6 {[%emt 0:00:34]} Rxc6 {[%emt 0:00:02]} 19. Bd2 {[%emt 0:00:45]} Bd8 {[%emt 0:01:26]} 20. Rfb1 {[%emt 0:00:58]} a5 {[%emt 0:00:12]} 21. Bb5 {[%emt 0:02:30]} Re6 {[%emt 0:00:14]} 22. Bxd7 {[%emt 0:00:20]} 1-0

[Event "Kupreichik Memorial Open 2018"]
[Site "Minsk"]
[Date "2018.06.22"]
[Round "5"]
[White "Tsaruk, Maksim"]
[Black "Nigmatov, Ortik"]
[Result "1/2-1/2"]
[WhiteElo "1980"]
[BlackElo "2210"]
[Annotator "NA"]
[PlyCount "105"]
[EventDate "2018.06.21"]
[EventCountry "BLR"]
[SourceTitle "playchess.com"]
[Source "ChessBase"]
[SourceQuality "1"]
[TimeControl "900+10"]

1. e4 {[%emt 0:00:00]} c5 {[%emt 0:00:01]} 2. Nf3 {[%emt 0:00:02]} e6 {[%emt 0:00:01]} 3. d4 {[%emt 0:00:06]} cxd4 {[%emt 0:00:02]} 4. Nxd4 {[%emt 0:00:07]} Nf6 {[%emt 0:00:01]} 5. Nc3 {[%emt 0:00:07]} d6 {[%emt 0:00:02]} 6. Be2 {[%emt 0:00:10]} Be7 {[%emt 0:00:06]} 7. O-O {[%emt 0:00:07]} O-O {[%emt 0:00:04]} 8. Be3 {[%emt 0:00:04]} Nc6 {[%emt 0:00:01]} 9. f4 {[%emt 0:00:10]} e5 {[%emt 0:00:02]} 10. Nxc6 {[%emt 0:00:06]} bxc6 {[%emt 0:00:02]} 11. Kh1 {[%emt 0:00:07]} exf4 {[%emt 0:00:50]} 12. Bxf4 {[%emt 0:00:07]} Be6 {[%emt 0:00:12]} 13. Bf3 {[%emt 0:00:23]} Qc7 {[%emt 0:01:56]} 14. Qe1 {[%emt 0:00:50]} Rfe8 {[%emt 0:02:26]} 15. e5 {[%emt 0:01:35]} Nd7 {[%emt 0:02:16]} 16. exd6 {[%emt 0:03:22]} Bxd6 {[%emt 0:00:02]} 17. Bxd6 {[%emt 0:00:01]} Qxd6 {[%emt 0:00:01]} 18. Rd1 {[%emt 0:03:58]} Qc7 {[%emt 0:01:34]} 19. Qg3 {[%emt 0:03:01]} Qxg3 {[%emt 0:00:11]} 20. hxg3 {[%emt 0:00:01]} Ne5 {[%emt 0:00:21]} 21. Rd6 {[%emt 0:00:04]} Rac8 {[%emt 0:00:48]} 22. Ne4 {[%emt 0:03:22]} Nc4 {[%emt 0:00:29]} 23. Rd4 {[%emt 0:00:12]} Bd5 {[%emt 0:00:02]} 24. b3 {[%emt 0:00:27]} Ne3 {[%emt 0:00:01]} 25. Rf2 {[%emt 0:00:02]} Nf5 {[%emt 0:00:02]} 26. Rd3 {[%emt 0:00:27]} Rxe4 {[%emt 0:01:19]} 27. Bxe4 Bxe4 {[%emt 0:00:01]} 28. Rd7 {[%emt 0:00:18]} h5 {[%emt 0:01:28]} 29. Rxa7 {[%emt 0:00:12]} Rd8 {[%emt 0:01:09]} 30. Ra4 {[%emt 0:00:01]} Rd1+ {[%emt 0:02:15]} 31. Kh2 {[%emt 0:00:01]} Nd6 {[%emt 0:00:47]} 32. Ra8+ {[%emt 0:00:11]} Kh7 {[%emt 0:00:02]} 33. Rd8 {[%emt 0:00:01]} f5 {[%emt 0:01:00]} 34. c4 {[%emt 0:00:10]} c5 {[%emt 0:00:08]} 35. b4 {[%emt 0:00:02]} Rc1 {[%emt 0:00:48]} 36. Rxd6 {[%emt 0:00:02]} cxb4 {[%emt 0:00:01]} 37. Rb6 {[%emt 0:00:20]} Rxc4 {[%emt 0:00:02]} 38. Rb2 {[%emt 0:00:01]} Bd5 {[%emt 0:00:05]} 39. Rb5 {[%emt 0:00:37]} Rd4 {[%emt 0:00:10]} 40. Ra5 {[%emt 0:00:26]} Kh6 {[%emt 0:00:27]} 41. Ra4 {[%emt 0:00:02]} Rg4 {[%emt 0:00:10]} 42. Rd2 {[%emt 0:00:15]} Bf7 {[%emt 0:00:05]} 43. Rb2 {[%emt 0:00:15]} Bd5 {[%emt 0:00:01]} 44. Ra5 {[%emt 0:00:03]} Rd4 {[%emt 0:00:03]} 45. Rb5 {[%emt 0:00:20]} g6 {[%emt 0:00:04]} 46. R5xb4 {[%emt 0:00:05]} Rxb4 {[%emt 0:00:01]} 47. Rxb4 {[%emt 0:00:01]} Bxa2 {[%emt 0:00:01]} 48. Kg1 {[%emt 0:00:04]} Bd5 {[%emt 0:00:01]} 49. Kf2 {[%emt 0:00:01]} Kg5 {[%emt 0:00:02]} 50. Rh4 {[%emt 0:00:06]} Be4 {[%emt 0:00:04]} 51. Rh2 {[%emt 0:00:10]} Kg4 {[%emt 0:00:02]} 52. Rh4+ {[%emt 0:00:04]} Kg5 {[%emt 0:00:00]} 53. Rh2 {[%emt 0:00:13]} 1/2-1/2